00309nam a2200121Ia 4500008004100000100002100041245003300062260003900095300000900134650002000143942000700163999001700170190216s9999||||xx |||||||||||||| ||und|| aEleanor Brockett 0aBurmese And Thai Fairy Tales bSomaiya Publications Pvt Ltdc1967 a198p aEnglish Stories cBK c11883d11883